| 000 | 00562nam a22002057a 4500 | ||
|---|---|---|---|
| 999 |
_c7548 _d7548 |
||
| 001 | 7548 | ||
| 003 | BD-JhCC | ||
| 005 | 20180211164950.0 | ||
| 008 | 180211b1985 bg ||||| |||| 00| 0 ben d | ||
| 035 | _a(BD-JhCC)7548 | ||
| 040 |
_aBD-JhCC _dBD-JhCC |
||
| 041 | _aben | ||
| 082 |
_a539.2 _bSOF 1985 |
||
| 100 | _aশফি, মোহম্মদ | ||
| 245 |
_aব্যবহারিক মাৎস্যবিজ্ঞান / _c মোহম্মদ শফি |
||
| 300 |
_a211 p. : _c22 cm. |
||
| 650 | _aFisheries | ||
| 942 |
_2ddc _cBK |
||